Tyne-Wear Derby - Top Scorers - Statistics

General Stats
  • This quiz has been taken 24 times
    22 since last reset
  • The average score is 13 of 42
Answer Stats
Club Goals Answer % Correct
Newcastle 2 Alan Shearer
94%
Sunderland 2 Jermain Defoe
75%
Sunderland 4 Adam Johnson
69%
Newcastle 7 Shola Ameobi
63%
Newcastle 4 Kevin Nolan
56%
Newcastle 2 Alexander Isak
50%
Sunderland 3 Kevin Phillips
50%
Sunderland 1 Niall Quinn
50%
Sunderland 1 Darren Bent
44%
Sunderland 2 Fabio Borini
44%
Newcastle 2 Michael Owen
44%
Newcastle 1 Ryan Taylor
44%
Newcastle 1 Aleksandar Mitrovic
38%
Sunderland 2 Djibril Cisse
38%
Newcastle 1 Gary Speed
38%
Newcastle 1 Yohan Cabaye
38%
Newcastle 1 Albert Luque
31%
Sunderland 1 Jack Colback
31%
Sunderland 1 Kieran Richardson
31%
Newcastle 1 Nolberto Solano
31%
Sunderland 2 Steven Fletcher
31%
Newcastle 2 Craig Bellamy
25%
Sunderland 1 David Vaughan
25%
Newcastle 1 Emre Belozoglu
25%
Sunderland 1 Nicklas Bendtner
25%
Sunderland 1 Billy Jones
19%
Newcastle 1 James Milner
19%
Sunderland 1 Justin Hoyte
19%
Newcastle 1 Michael Chopra
19%
Newcastle 1 Nikos Dabizas
19%
Sunderland 1 Stephane Sessegnon
19%
Newcastle 1 Andy O'Brien
13%
Sunderland 1 Asamoah Gyan
13%
Sunderland 1 Liam Lawrence
13%
Newcastle 1 Mathieu Debuchy
13%
Newcastle 1 Charles N'Zogbia
6%
Sunderland 1 Don Hutchison
6%
Newcastle 1 Helder
6%
Sunderland 1 Danny Higginbotham
0%
Newcastle 1 Didier Domi
0%
Sunderland 1 Patrice Carteron
0%
Sunderland 1 Stephen Elliott
0%
No matching quizzes found
Score Distribution
Percent of People with Each Score
Percentile by Number Answered
Your Score History
You have not taken this quiz since the last reset